Dictionnaire biblique culturel et littéraire (notice n° 2117947)
[ vue normale ]
| 000 -LEADER | |
|---|---|
| fixed length control field | 01513cam a2200133 4500500 |
| 005 - DATE AND TIME OF LATEST TRANSACTION | |
| control field | 20260405015750.0 |
| 041 ## - LANGUAGE CODE | |
| Language code of text/sound track or separate title | fre |
| 042 ## - AUTHENTICATION CODE | |
| Authentication code | dc |
| 100 10 - MAIN ENTRY--PERSONAL NAME | |
| Personal name | Labre, Chantal |
| Relator term | author |
| 245 00 - TITLE STATEMENT | |
| Title | Dictionnaire biblique culturel et littéraire |
| 260 ## - PUBLICATION, DISTRIBUTION, ETC. | |
| Name of publisher, distributor, etc. | Armand Colin,<br/> |
| Date of publication, distribution, etc. | 2002.<br/> |
| 520 ## - SUMMARY, ETC. | |
| Summary, etc. | La Bible, qui a nourri toute notre littérature, religieuse et non religieuse, et dont l'ignorance ne peut que conduire à fausser le sens des textes littéraires, est méconnue de nombreux lecteurs. Né de ce constat, ce Dictionnaire biblique culturel et littéraire, qui comporte plus de quatre cents mots ou expressions, offre : · un parcours culturel, dessiné à travers les sources, la référence aux textes d'origine, et illustré de nombreuses citations ; · un parcours littéraire, qui met en lumière l'emploi de ces mots par les écrivains, poètes et dramaturges de la littérature française ; · une histoire littéraire, avec l'évolution de ces termes, la naissance de genres littéraires, dans une perspective temporelle ou thématique favorisée par les renvois indiqués dans chaque entrée. L'avant-propos de cet ouvrage rappelle la composition des livres de l'Ancien et du Nouveau Testaments et présente les différentes langues de la Bible, ainsi que ses versions et traductions. Un index final des entrées et sous-entrées en facilite la consultation. |
| 856 41 - ELECTRONIC LOCATION AND ACCESS | |
| Uniform Resource Identifier | <a href="https://shs.cairn.info/dictionnaire-biblique-culturel-et-litteraire--9782200218287?lang=fr&redirect-ssocas=7080">https://shs.cairn.info/dictionnaire-biblique-culturel-et-litteraire--9782200218287?lang=fr&redirect-ssocas=7080</a> |
Pas d'exemplaire disponible.




Réseaux sociaux